5HLuxD.jpg

KING HENRY VIII SENIOR AND PRIMARY SCHOOL LIBRARY OPAC

The sociology book / (Record no. 571)

000 -LEADER
fixed length control field 01244cam a2200385 i 4500
001 - CONTROL NUMBER
control field 976262
003 - CONTROL NUMBER IDENTIFIER
control field OCoLC
005 - DATE AND TIME OF LATEST TRANSACTION
control field 20190828150354.0
008 - FIXED-LENGTH DATA ELEMENTS--GENERAL INFORMATION
fixed length control field 150519t20152015enka 001 0 eng
020 ## - INTERNATIONAL STANDARD BOOK NUMBER
International Standard Book Number 9780241182291
Qualifying information (hbk) :
020 ## - INTERNATIONAL STANDARD BOOK NUMBER
International Standard Book Number 0241182298
Qualifying information (hbk)
035 ## - SYSTEM CONTROL NUMBER
System control number (OCoLC)909302209
Canceled/invalid control number (OCoLC)913195296
040 ## - CATALOGING SOURCE
Original cataloging agency AU@
Language of cataloging eng
Description conventions rda
Transcribing agency AU@
Modifying agency OCLCO
-- CDX
-- UAB
-- OCLCF
-- OCLCO
-- THU
042 ## - AUTHENTICATION CODE
Authentication code nbic
082 ## - DEWEY DECIMAL CLASSIFICATION NUMBER
Classification number 301 SOC
245 04 - TITLE STATEMENT
Title The sociology book /
Statement of responsibility, etc. [editors, Alexandra Beeden, Miezan van Zyl]
246 34 - VARYING FORM OF TITLE
Title proper/short title Sociology book :
264 #1 - PRODUCTION, PUBLICATION, DISTRIBUTION, MANUFACTURE, AND COPYRIGHT NOTICE
Place of production, publication, distribution, manufacture London :
Name of producer, publisher, distributor, manufacturer DK, Penguin Random House,
Date of production, publication, distribution, manufacture, or copyright notice 2015.
264 #4 - PRODUCTION, PUBLICATION, DISTRIBUTION, MANUFACTURE, AND COPYRIGHT NOTICE
Date of production, publication, distribution, manufacture, or copyright notice ©2015.
300 ## - PHYSICAL DESCRIPTION
Extent 352 pages :
Other physical details illustrations (chiefly color) ;
Dimensions 24 cm.
336 ## - CONTENT TYPE
Content type term text
Content type code txt
Source rdacontent.
336 ## - CONTENT TYPE
Content type term still image
Content type code sti
Source rdacontent.
337 ## - MEDIA TYPE
Media type term unmediated
Media type code n
Source rdamedia.
338 ## - CARRIER TYPE
Carrier type term volume
Carrier type code nc
Source rdacarrier.
490 1# - SERIES STATEMENT
Series statement Big ideas simply explained
500 ## - GENERAL NOTE
General note Includes index.
650 #0 - SUBJECT ADDED ENTRY--TOPICAL TERM
Topical term or geographic name entry element Sociology
Form subdivision Popular works.
650 #0 - SUBJECT ADDED ENTRY--TOPICAL TERM
Topical term or geographic name entry element Sociology
General subdivision History
Form subdivision Popular works.
650 #0 - SUBJECT ADDED ENTRY--TOPICAL TERM
Topical term or geographic name entry element Sociologists
Form subdivision Biography.
700 1# - ADDED ENTRY--PERSONAL NAME
Personal name Beeden, Alexandra,
Relator term editor.
700 1# - ADDED ENTRY--PERSONAL NAME
Personal name Van Zyl, Miezan,
Relator term editor.
710 2# - ADDED ENTRY--CORPORATE NAME
Corporate name or jurisdiction name as entry element DK Publishing, Inc.
830 #0 - SERIES ADDED ENTRY--UNIFORM TITLE
Uniform title Big ideas simply explained.
942 ## - ADDED ENTRY ELEMENTS (KOHA)
Source of classification or shelving scheme
Koha item type Books - Non Ficton
Holdings
Withdrawn status Lost status Source of classification or shelving scheme Damaged status Not for loan Collection code Permanent Location Current Location Shelving location Date acquired Total Checkouts Total Renewals Full call number Barcode Date due Date last seen Date last checked out Price effective from Koha item type
          Non-Fiction KH8 Senior School Library KH8 Senior School Library Non Fiction 2019-08-28 3 1 301 SOC 3KHSL000100288 2025-12-05 2025-11-27 2025-11-27 2019-08-28 Books - Non Ficton

Powered By KH8 IT Dept